| 000 | 00643nam a22001817a 4500 | ||
|---|---|---|---|
| 003 | NUST-PNEC | ||
| 005 | 20170114142547.0 | ||
| 008 | 140718b xxu||||| |||| 00| 0 eng d | ||
| 020 | _a0471274712 | ||
| 040 | _cPNEC | ||
| 082 | _a621.4021 MOR | ||
| 100 |
_9213 _aMoran Michael J. |
||
| 245 |
_aFundamentals of Engineering Thermodynamics _cMichael J. Moran |
||
| 300 |
_a896 p _bill. : |
||
| 500 | _aIncludes index. http://www.amazon.com/Fundamentals-Engineering-Thermodynamics-Michael-Moran/dp/0471274712/ref=sr_1_4?s=books&ie=UTF8&qid=1405653619&sr=1-4&keywords=fundamentals+of+engineering+thermodynamics | ||
| 650 | _xME | ||
| 942 |
_2ddc _cBK |
||
| 999 |
_c60230 _d60230 |
||